00459nam a2200145Ia 4500008004100000020001800041041000800059082001700067100005300084245006900137250000600206260006100212300001700273650002300290210716s2010 xx 000 0 und d a9788177589764 aeng a658.404 GRAC aGray, Clifford F;Larson, Erik W;Desai, Gautam V. aProject management: the managerial process.bManagerial process. a4 aNew DelhibTata McGraw Hill Publishing Company Ltdc2010 axxi,706/2013 aProject Management